V Lučivnej prepíšu dejiny

Bibliographic Details
Main Author: Ovšonka, Rastislav, 1972- (Author)
Format: Article
Language:Slovak
ISSN:1210-2423
Subjects:

MARC

LEADER 00000nab a2200000 ar4500
001 vtls011627308
003 SK-MaSNL
005 20260304034511.0
008 170504c2017 xo wr|p|||||||000 b|slo
038 |a PPPK 
040 |a PPPKCL  |b slo  |c PPPKCL  |e AACR2 
041 0 |a slo 
044 |a xo  |c SK 
080 |a 81'373.21  |x (437.6)  |2 2011 
080 |a 94(437.671)  |2 2011 
100 1 |a Ovšonka, Rastislav,  |d 1972-  |4 aut  |9 194552 
245 1 0 |a V Lučivnej prepíšu dejiny  |c Rastislav Ovšonka 
650 0 7 |a toponymá  |2 pppkcl  |9 90084 
650 0 7 |a dejiny miest  |2 pppkcl  |9 164833 
650 0 7 |a prvá písomná zmienka  |2 pppkcl  |9 1050484 
651 7 |a Lučivná (Slovensko)  |2 pppkcl  |9 38788 
651 7 |a Poprad (Slovensko : okres)  |2 pppkcl  |9 28675 
773 0 |t Podtatranské noviny  |g Roč. LVII, č. 16 (2017), s. 1 a 3  |x 1210-2423 
852 |a PPPK  |b KIS3GCP 
999 |c 2653415  |d 2655345